Godišnik 2008
Salvato in:
| Natura: | Libro |
|---|---|
| Lingua: | bulgaro |
| Pubblicazione: |
Varna
Ikonomičeski universitet
2009
|
| Soggetti: | |
| Tags: |
Nessun Tag, puoi essere il primo ad aggiungerne!!
|
MARC
| LEADER | 00000nam$a2200000$$$4500 | ||
|---|---|---|---|
| 001 | 0107340 | ||
| 005 | 20250901081905.9 | ||
| 022 | |a 0861-6752 | ||
| 041 | 0 | |a bul | |
| 044 | |a BG | ||
| 245 | 1 | 0 | |a Godišnik 2008 |
| 264 | 1 | |a Varna |b Ikonomičeski universitet |c 2009 | |
| 300 | |a 408 s. | ||
| 610 | 2 | 0 | |a veda ekonomická |
| 610 | 2 | 0 | |a keynesizmus |
| 610 | 2 | 0 | |a makroekonomika |
| 610 | 2 | 0 | |a vývoj spoločenský |
| 610 | 2 | 0 | |a reťazce dodávateľsko-odberateľské |
| 610 | 2 | 0 | |a poistenie sociálne |
| 610 | 2 | 0 | |a ochrana zdravia |
| 610 | 2 | 0 | |a systémy informačné |
| 610 | 2 | 0 | |a obchod elektronický |
| 610 | 2 | 0 | |a softvér |
| 610 | 2 | 0 | |a správa oblastná |
| 610 | 2 | 0 | |a ochrana prostredia životného |
| 610 | 2 | 0 | |a legislatíva |
| 610 | 2 | 0 | |a účtovníctvo |
| 610 | 2 | 0 | |a potraviny |